Quien fué el asesino. Boceto dramático, en tres actos

Guardat en:
Dades bibliogràfiques
Autor principal: Alarcón Q., Manuel (Autor)
Format: Llibre
Idioma:espanyol
Publicat: Santiago Imprenta San Francisco 1947
Matèries:
Etiquetes: Afegir etiqueta
Sense etiquetes, Sigues el primer a etiquetar aquest registre!

MARC

LEADER 00000nam a2200000 a 4500
001 UCI5062
003 CL-VaPUC
008 080314e19470000CL |||||||||||||||||spa|d
082 0 4 |a Ch862  |b ALA  |2 21 
100 0 |a Alarcón Q., Manuel  |e author  |9 527147 
245 1 0 |a Quien fué el asesino. Boceto dramático, en tres actos 
300 |a 47 p 
942 |c BK 
945 |d 20080314 00:00:00  |a rbrito 
260 |a Santiago  |b Imprenta San Francisco  |c 1947 
500 |a Donación Padres Capuchinos 
650 0 |a Dramas chilenos  |9 313819 
583 |a last modification  |c 20080314 00:00:00  |k Rodrigo Vera 
999 |c 328826  |d 328824 
952 |0 0  |1 0  |4 0  |6 CH_862_000000000000000_ALA_1947  |7 0  |8 X  |9 413003  |a FDOBUD  |b FDOBUD  |d 2019-11-22  |i 4411684  |o Ch862 ALA 1947  |p 4411684  |r 2019-11-22  |w 2019-11-22  |y BK_X  |k BUD